<?xml version="1.0" encoding="UTF-8"?>
<record
    xmlns:xsi="http://www.w3.org/2001/XMLSchema-instance"
    xsi:schemaLocation="http://www.loc.gov/MARC21/slim http://www.loc.gov/standards/marcxml/schema/MARC21slim.xsd"
    xmlns="http://www.loc.gov/MARC21/slim">

  <leader>01634nam a2200337 a 4500</leader>
  <controlfield tag="005">20180803165400.0</controlfield>
  <controlfield tag="008">140129b2003    ck ||||| |||| 00| 0 spa d</controlfield>
  <datafield tag="040" ind1=" " ind2=" ">
    <subfield code="c">CO-BoIH</subfield>
  </datafield>
  <datafield tag="041" ind1=" " ind2=" ">
    <subfield code="a">spa</subfield>
  </datafield>
  <datafield tag="044" ind1=" " ind2=" ">
    <subfield code="a">ck</subfield>
  </datafield>
  <datafield tag="090" ind1=" " ind2=" ">
    <subfield code="a">IAVH</subfield>
    <subfield code="b">01022</subfield>
  </datafield>
  <datafield tag="100" ind1=" " ind2=" ">
    <subfield code="a">Le&#xF3;n Sicard, Tom&#xE1;s</subfield>
    <subfield code="9">5758</subfield>
  </datafield>
  <datafield tag="245" ind1=" " ind2=" ">
    <subfield code="a">Incorporaci&#xF3;n de consideraciones de biodiversidad en la pol&#xED;tica sectorial agropecuaria</subfield>
  </datafield>
  <datafield tag="260" ind1=" " ind2=" ">
    <subfield code="a">Bogot&#xE1;</subfield>
    <subfield code="b">Instituto Alexander von Humboldt</subfield>
    <subfield code="c">2003</subfield>
  </datafield>
  <datafield tag="300" ind1=" " ind2=" ">
    <subfield code="a">299 p.</subfield>
  </datafield>
  <datafield tag="520" ind1=" " ind2=" ">
    <subfield code="a">Estudio sobre la revisi&#xF3;n a la mayor parte de los instrumentos de Inversi&#xF3;n y Financiamiento como el Incentivo a la Capitalizaci&#xF3;n Rural (ICR) y el Certificado de Incentivo Forestal (CIF), entre otros. Algunos programas del Ministerio pueden calificarse positivamente en t&#xE9;rminos de su relaci&#xF3;n con la biodiversidad. Ello ocurre con los programas de investigaci&#xF3;n en sericultura, instalaci&#xF3;n y mantenimiento de bancos de germoplasma, programa de semillas y reforestaci&#xF3;n, pesca y acuicultura, Pronatta, apoyo al CIAT, Pademer y Alianzas Productivas, que en su conjunto incluyeron el 39</subfield>
  </datafield>
  <datafield tag="650" ind1=" " ind2=" ">
    <subfield code="a">Biodiversidad</subfield>
    <subfield code="9">92204</subfield>
  </datafield>
  <datafield tag="650" ind1=" " ind2=" ">
    <subfield code="a">Pol&#xED;tica agropecuaria</subfield>
    <subfield code="9">30718</subfield>
  </datafield>
  <datafield tag="650" ind1=" " ind2=" ">
    <subfield code="a">Diagn&#xF3;stico</subfield>
    <subfield code="9">30719</subfield>
  </datafield>
  <datafield tag="650" ind1=" " ind2=" ">
    <subfield code="a">Aspectos conceptuales y metodol&#xF3;gicos</subfield>
    <subfield code="9">5759</subfield>
  </datafield>
  <datafield tag="700" ind1=" " ind2=" ">
    <subfield code="a">S&#xE1;nchez Acosta, Jairo</subfield>
    <subfield code="9">5760</subfield>
  </datafield>
  <datafield tag="700" ind1=" " ind2=" ">
    <subfield code="a">Cruz, Magdalena</subfield>
    <subfield code="9">5761</subfield>
  </datafield>
  <datafield tag="700" ind1=" " ind2=" ">
    <subfield code="a">Poveda, Amanda</subfield>
    <subfield code="9">5762</subfield>
  </datafield>
  <datafield tag="700" ind1=" " ind2=" ">
    <subfield code="a">D&#xED;az Ortiz, Angelica</subfield>
    <subfield code="9">5763</subfield>
  </datafield>
  <datafield tag="700" ind1=" " ind2=" ">
    <subfield code="a">Rubio , Rocio</subfield>
    <subfield code="9">5764</subfield>
  </datafield>
  <datafield tag="700" ind1=" " ind2=" ">
    <subfield code="a">Silva , Alejandro</subfield>
    <subfield code="9">5765</subfield>
  </datafield>
  <datafield tag="700" ind1=" " ind2=" ">
    <subfield code="a">Valenzuela , Elizabeth</subfield>
    <subfield code="9">5766</subfield>
  </datafield>
  <datafield tag="700" ind1=" " ind2=" ">
    <subfield code="a">Velandia , Alvaro</subfield>
    <subfield code="9">5767</subfield>
  </datafield>
  <datafield tag="942" ind1=" " ind2=" ">
    <subfield code="c">INFORME</subfield>
    <subfield code="0">1</subfield>
    <subfield code="2">z</subfield>
  </datafield>
  <datafield tag="945" ind1=" " ind2=" ">
    <subfield code="d">2008-09-02</subfield>
  </datafield>
  <datafield tag="999" ind1=" " ind2=" ">
    <subfield code="c">6527</subfield>
    <subfield code="d">6527</subfield>
  </datafield>
  <datafield tag="952" ind1=" " ind2=" ">
    <subfield code="0">0</subfield>
    <subfield code="1">0</subfield>
    <subfield code="2">z</subfield>
    <subfield code="4">0</subfield>
    <subfield code="7">0</subfield>
    <subfield code="8">HUMBOLDT</subfield>
    <subfield code="I">INV2017</subfield>
    <subfield code="a">Bogota</subfield>
    <subfield code="b">Bogota</subfield>
    <subfield code="d">2008-09-02</subfield>
    <subfield code="l">1</subfield>
    <subfield code="o">IAVH-01022</subfield>
    <subfield code="p">026345</subfield>
    <subfield code="r">2024-08-09 00:00:00</subfield>
    <subfield code="s">2013-10-07</subfield>
    <subfield code="t">Ej. 1</subfield>
    <subfield code="w">2012-12-04</subfield>
    <subfield code="x">Dep&#xF3;sito Institucional</subfield>
    <subfield code="y">INFORME</subfield>
  </datafield>
</record>
